Poesías

Saved in:
Bibliographic Details
Main Author: Gongora, L. de Autor
Format: Unknown
Language:Spanish
Published: Madrid Compañía Ibero-Americana de Publicaciones s.d.
Edition:
Textbook Catalogue:MANES:  Library Catalog Search Result
Textbook Classification:
Tags: Add Tag
No Tags, Be the first to tag this record!
Added to:2016-04-26
Changed in:2024-11-20

MARC

LEADER 000000000a22000000004500
001 18005
003 OSt
005 20241121020146.0
008 160427s sp ||||| |||| 00| 0 spa d
041 1 |a spa 
040 |c centro_manes 
691 0 |a SE 
100 1 |a Gongora, L. de  |b Autor  |9 13003 
245 0 0 |a Poesías 
250 |a 5º 
260 3 |a Madrid  |b Compañía Ibero-Americana de Publicaciones  |c s.d. 
300 |a 214p  |c 11 * 18 cm 
500 |a ILUSTRACIONES: No contiene. ENCUADERNACIÓN: Cartoné. DESCRIPCIÓN CONTENIDO: Diferentes poesías de Góngora. PALABRAS CLAVE: Libro de poesía. NéMERO EJEMPLARES: 1. Nº TOPOGRÁFICO: 2484. CONSERVACIÓN: Buena.  |a nivel: Libro para el Bachillerato. 
690 0 |a LEN 
942 |2 ddc  |c BK 
546 |a España 
999 |c 23974  |d 23974 
999 |c manes:23974  |d 23974